Cochrane, the Unconquerable
Guardat en:
| Autors principals: | , |
|---|---|
| Format: | Llibre |
| Idioma: | anglès |
| Publicat: |
Nueva York
The Century Co.
1929
|
| Edició: | 1a. ed |
| Matèries: | |
| Etiquetes: |
Afegir etiqueta
Sense etiquetes, Sigues el primer a etiquetar aquest registre!
|
MARC
| LEADER | 00000nam a2200000 a 4500 | ||
|---|---|---|---|
| 001 | UCJ4261 | ||
| 003 | CL-VaPUC | ||
| 008 | 070124e19290000US |||||||||||||||||eng|d | ||
| 082 | 0 | 4 | |a 923 |b COC |2 21 |
| 100 | 0 | |a Turnbull, Archibald Douglas |e author |9 507572 | |
| 700 | 0 | |a Van der Veer, Norman Reeve |e author |9 507573 | |
| 245 | 1 | 0 | |a Cochrane, the Unconquerable |
| 250 | |a 1a. ed | ||
| 300 | |a 319 p | ||
| 942 | |c BK | ||
| 945 | |d 20070124 00:00:00 |a rinostro | ||
| 260 | |a Nueva York |b The Century Co. |c 1929 | ||
| 600 | 0 | |a Cochrane, Thomas Alexander |9 438892 | |
| 650 | 0 | |a Biografías |9 255210 | |
| 650 | 0 | |a Guerra de la independencia |9 331979 | |
| 650 | 0 | |a |9 340497 | |
| 650 | 7 | |a OPERACIONES NAVALES |2 CL-VaPUC |9 494907 | |
| 650 | 7 | |a INGLESES |2 CL-VaPUC |9 507575 | |
| 651 | 7 | |a CHILE |2 CL-VaPUC |9 507576 | |
| 651 | 0 | |a Perú |9 256567 | |
| 651 | 0 | |a Inglaterra |9 255158 | |
| 583 | |a last modification |c 20070124 00:00:00 |k Rodrigo Vera | ||
| 999 | |c 320378 |d 320376 | ||
| 952 | |0 0 |1 0 |4 0 |6 923_000000000000000_COC_1929 |7 0 |8 X |9 398887 |a FDOBUD |b FDOBUD |d 2019-11-22 |i 1015982 |o 923 COC 1929 |p 1015982 |r 2019-11-22 |w 2019-11-22 |y BK_X |k BUD | ||